a survey of six centuries, Chaucer to Queen Victoria / (Record no. 187236)

000 -LEADER
fixed length control field 01013 a2200169 4500
003 - CONTROL NUMBER IDENTIFIER
control field NUST
005 - DATE AND TIME OF LATEST TRANSACTION
control field 20230201113508.0
040 ## - CATALOGING SOURCE
Transcribing agency Nust
082 ## - DEWEY DECIMAL CLASSIFICATION NUMBER
Classification number 942.2,TRE
100 ## - MAIN ENTRY--PERSONAL NAME
Personal name Trevelyan, George Macaulay
9 (RLIN) 46482
245 ## - TITLE STATEMENT
Title a survey of six centuries, Chaucer to Queen Victoria /
Statement of responsibility, etc. G.M. Trevelyan ...
260 ## - PUBLICATION, DISTRIBUTION, ETC.
Place of publication, distribution, etc. London, New York
Name of publisher, distributor, etc. [etc.] Longmans, Green and Co.,
Date of publication, distribution, etc. 1942.
300 ## - PHYSICAL DESCRIPTION
Extent xii, 628 p. illus.
Other physical details (incl. maps) diagr. 21 cm.
505 ## - FORMATTED CONTENTS NOTE
Formatted contents note Chaucer England (Page-1), England In The Age Of Caxton (Page-56), Tudor England (Page-92), England During The Anti Clecrical Revolution (Page-99), Shakepear’s England (Page-139), The England Of Charles And Cromwell (Page-206), Restoration England (Page-252), Defoe’s England (Page-293), Dr Johnson’s England (Page-339), Scotland In 18th Century (Page-416), Cobbett’s England (Page-463), Between The Two Reform Bills (Page-509), The Second Half Of The Victorian Era (Page-551).
650 ## - SUBJECT ADDED ENTRY--TOPICAL TERM
Topical term or geographic name entry element English social history;
9 (RLIN) 108341
942 ## - ADDED ENTRY ELEMENTS (KOHA)
Source of classification or shelving scheme
Koha item type Book
Call number prefix 942,TRE
Holdings
Withdrawn status Lost status Source of classification or shelving scheme Damaged status Not for loan Permanent Location Current Location Shelving location Date acquired Full call number Barcode Date last seen Price effective from Koha item type Public note
          Military College of Signals (MCS) Military College of Signals (MCS) General Stacks 12/12/2016 942.9,TRE MCS29412 12/08/2016 12/12/2016 Book Almirah No.60, Shelf No.5
© 2023 Central Library, National University of Sciences and Technology. All Rights Reserved.